Normal view
MARC view
- BOLTED JOINTS BOLTS AND NUT
Entry Topical Term
001 - CONTROL NUMBER
- control field: 78403
003 - CONTROL NUMBER IDENTIFIER
- control field: NUST
005 - DATE AND TIME OF LATEST TRANSACTION
- control field: 20210628210200.0
008 - FIXED-LENGTH DATA ELEMENTS
- fixed length control field: 210628|| aca||aabn | a|a d
040 ## - CATALOGING SOURCE
- Original cataloging agency: NUST
- Transcribing agency: NUST
150 ## - HEADING--TOPICAL TERM
- Topical term or geographic name entry element: BOLTED JOINTS BOLTS AND NUT
670 ## - SOURCE DATA FOUND
- Source citation: Work cat.: (NUST): Bickford, John. Sayed Nassar 78402, Handbook of bolts and bolted joints, 1998
